000 00682cam a22002417a 4500
001 000374
003 armpunfd
005 20140612090608.0
008 011019e1982####xx#a##########000#0#und#d
040 _aarmpunfd
_carmpunfd
080 _a347.9 C 393
100 1 0 _a Claria Olmedo, Jorge A.
245 1 0 _aDerecho procesal
260 _a Buenos Aires
_b Depalma
_c1982-1983
300 _av.
500 _acontenido: v.1. conceptos fundamentales -- v.2. estructura del proceso
650 7 _a Derecho Procesal
_2LEMB
942 _cLB
_2cdu
945 _aCatalis
_d2010-08-19
945 _aCatalis
_d2010-08-19
945 _aCatalis
_d2010-08-19
945 _aCatalis
_d2010-08-19
999 _c372
_d230876